000 00456nam a2200193Ia 4500
005 20250603145529.0
008 250603s9999 xx 000 0 und d
020 _a9789784982726
050 _aHV 8278 .O43/
100 _aOlakanmi Jide & Co
245 0 _aPolice force handbook
250 _a5th ed.
260 _aAbuja, Nigeria
260 _bLawLords Publications
260 _c2015
300 _a426 p
650 _aAbuja, Nigeria
942 _cBK
999 _c42128
_d42128